Rouge comme la mer (Record no. 5074)

MARC details
000 -CABECERA
campo de control de longitud fija 01754nam a22002657a 4500
008 - DATOS DE LONGITUD FIJA--INFORMACIÓN GENERAL
campo de control de longitud fija 251021b |||||||| |||| 00| 0 eng d
020 ## - NÚMERO INTERNACIONAL ESTÁNDAR DEL LIBRO
Número Internacional Estándar del Libro 9791041421824
040 ## - FUENTE DE LA CATALOGACIÓN
Centro/agencia transcriptor TBS
041 ## - CÓDIGO DE LENGUA
Código de lengua del texto/banda sonora o título independiente fre
Código de lengua original ice
100 ## - ENTRADA PRINCIPAL--NOMBRE DE PERSONA
Nombre de persona Sigurðardóttir, Lilja
Fechas asociadas al nombre 1972-
9 (RLIN) 26246
Término indicativo de función/relación author
240 ## - TÍTULO UNIFORME
Título uniforme Blóðrauður sjór.
Lenguaje de la obra French.
245 ## - MENCIÓN DE TÍTULO
Título Rouge comme la mer
Mención de responsabilidad, etc. / Lilja Sigurðardóttir.
260 ## - PUBLICACIÓN, DISTRIBUCIÓN, ETC.
Lugar de publicación, distribución, etc. Paris :
Nombre del editor, distribuidor, etc. Éditions Métailié,
Fecha de publicación, distribución, etc. 2024.
300 ## - DESCRIPCIÓN FÍSICA
Extensión 278 pages ;
Dimensiones 22 cm.
520 ## - SUMARIO, ETC.
Sumario, etc. Une intrigue surprenante au milieu de l'automne islandais.<br/><br/>Lorsque l’entrepreneur Flosi rentre chez lui, il découvre que sa maison a été mise à sac, et Gudrún, sa femme, enlevée. Si Flosi n’accepte pas de payer une énorme rançon, elle sera tuée. Désespéré, il contacte Aurora, une enquêtrice réputée pour sa discrétion. En plein automne islandais, les suspects se multiplient, les mafias se rapprochent, et tout prend un tour de plus en plus trouble…
520 ## - SUMARIO, ETC.
Sumario, etc. A gripping mystery set in the heart of the Icelandic autumn.<br/><br/>When businessman Flosi returns home, he finds his house ransacked and his wife, Gudrún, kidnapped. If he doesn’t pay a huge ransom, she will be killed. Desperate, he contacts Aurora, a private investigator known for her discretion. As the Icelandic autumn deepens, suspects multiply, the mafia closes in, and everything grows increasingly murky…
650 #0 - PUNTO DE ACCESO ADICIONAL DE MATERIA--TÉRMINO DE MATERIA
Término de materia o nombre geográfico como elemento de entrada Kidnapping
Subdivisión geográfica Iceland
Subdivisión de forma Fiction
9 (RLIN) 26247
650 #0 - PUNTO DE ACCESO ADICIONAL DE MATERIA--TÉRMINO DE MATERIA
Término de materia o nombre geográfico como elemento de entrada Police
Subdivisión geográfica Iceland
Subdivisión de forma Fiction
9 (RLIN) 26248
650 #0 - PUNTO DE ACCESO ADICIONAL DE MATERIA--TÉRMINO DE MATERIA
Término de materia o nombre geográfico como elemento de entrada Missing persons
Subdivisión general Investigation
Subdivisión geográfica Iceland
Subdivisión de forma Fiction
9 (RLIN) 26249
650 #0 - PUNTO DE ACCESO ADICIONAL DE MATERIA--TÉRMINO DE MATERIA
Término de materia o nombre geográfico como elemento de entrada Ransom
Subdivisión de forma Fiction
9 (RLIN) 26250
655 #0 - TÉRMINO DE INDIZACIÓN--GÉNERO/FORMA
Datos o término principal de género/forma Detective and mystery fiction
9 (RLIN) 23664
655 #0 - TÉRMINO DE INDIZACIÓN--GÉNERO/FORMA
Datos o término principal de género/forma Thrillers (Fiction)
9 (RLIN) 22669
700 ## - ENTRADA AGREGADA--NOMBRE PERSONAL
Nombre de persona Salaün, Jean-Christophe
9 (RLIN) 26251
Término indicativo de función/relación translator
942 ## - ELEMENTOS DE ENTRADA AGREGADA (KOHA)
Fuente del sistema de clasificación o colocación Clasificación de Library of Congress
Holdings
Estado de retiro Estado de pérdida Fuente del sistema de clasificación o colocación Estado dañado No para préstamo Biblioteca de origen Biblioteca actual Fecha de adquisición Total de préstamos Signatura topográfica completa Código de barras Fecha visto por última vez Número de copia Precio válido a partir de Tipo de ítem Koha
    Clasificación de Library of Congress     TBS Barcelona TBS Barcelona 21/10/2025   P-FR SIG B06052 21/10/2025 1 21/10/2025 Book

Powered by Koha